书目信息 |
| 题名: |
海关缉私
|
|
| 作者: | 王福明 编著 | |
| 分册: | ||
| 出版信息: | 北京 对外经济贸易大学出版社 1997 |
|
| 页数: | 274页 | |
| 开本: | 20cm | |
| 丛书名: | ||
| 单 册: | ||
| 中图分类: | F745 , C913.8 | |
| 科图分类: | 29.73041 | |
| 主题词: | 走私--概况--世界 | |
| 电子资源: | ||
| ISBN: | 7-81000-837-4 | |
| 000 | 00602nam0 2200229 45 | |
| 001 | 0198007882 | |
| 005 | 20070724092648.15 | |
| 010 | @a7-81000-837-4@dCNY12.00 | |
| 100 | @a19980206d1997 em y0chiy0121 ea | |
| 101 | 0 | @achi |
| 102 | @aCN@b110000 | |
| 105 | @ay z 000yy | |
| 200 | 10 | @a海关缉私@Ahai guan ji si@f王福明编著 |
| 210 | @a北京@c对外经济贸易大学出版社@d1997 | |
| 215 | @a274页@d20cm | |
| 606 | @a走私@x概况@y世界 | |
| 690 | @aF745@v3 | |
| 690 | @aC913.8@v3 | |
| 692 | @a29.73041@v2 | |
| 701 | 0 | @a王福明@Awang fu ming@4编著 |
| 801 | 0 | @aCN@bTSSF@c20070724 |
| 905 | @a10447@dF745@e92 | |
| 海关缉私/王福明编著.-北京:对外经济贸易大学出版社,1997 |
| 274页;20cm |
| ISBN 7-81000-837-4:CNY12.00 |
| ● |
| 相关链接 |
|
|
|
|
正题名:海关缉私
索取号:F745/92
 
预约/预借
| 序号 | 登录号 | 条形码 | 馆藏地/架位号 | 状态 | 备注 |
| 1 | 0767320 | 207673203 | 第一样本阅览室/ [索取号:F745/92] | 在馆 |